| 000 | 01784cam a2200445 i 4500 | ||
|---|---|---|---|
| 001 | 18490219 | ||
| 003 | NUST | ||
| 005 | 20220316194836.0 | ||
| 008 | 150212r20142000flua b 001 0 eng | ||
| 010 |
_a 2013018639 _z 2013387219 |
||
| 020 |
_a9781439852088 _q(v. 1: hardback : acid-free paper) |
||
| 020 |
_a9781439852071 _q(v. 2 : hardback) |
||
| 020 |
_a9781439852187 _q(v. 3 : hardback) |
||
| 020 |
_a9781439852194 _q(v. 4 : hardback) |
||
| 020 |
_a9781439852217 _q(v. 5 : hardback) |
||
| 020 | _z1439852332 (electronic) | ||
| 038 | _aSAIF | ||
| 040 |
_aDLC _beng _erda _cDLC _dDLC |
||
| 042 | _apcc | ||
| 050 | 0 | 0 |
_aTG315 _b.B68 2014 |
| 082 | 0 | 0 |
_a624.2 _221 _bCHE |
| 245 | 0 | 0 |
_aBridge engineering handbook / _cedited by Wai-Fah Chen and Lian Duan. |
| 250 | _aSecond edition. | ||
| 264 | 1 |
_aBoca Raton, FL : _bCRC Press, Taylor & Francis Group, _c[2014] |
|
| 300 |
_a5 volumes : _billustrations ; _c26 cm |
||
| 336 |
_atext _btxt _2rdacontent |
||
| 337 |
_aunmediated _bn _2rdamedia |
||
| 338 |
_avolume _bnc _2rdacarrier |
||
| 500 | _aPart of the 2000 edition revised and published separately. | ||
| 504 | _aIncludes bibliographical references and index. | ||
| 505 | 0 | _a[v. 1] Construction and Maintenance -- [v. 2] Fundamentals -- [v. 3] Seismic Design -- [v. 4] Substructure Design -- [v. 5] Superstructure Design. | |
| 563 | _aH.B | ||
| 650 | 0 |
_aBridges _xDesign and construction. _9801 |
|
| 650 | 0 |
_aBridges _xMaintenance and repair. _9802 |
|
| 700 | 1 |
_aChen, Wai-Fah, _d1936- _eeditor. _919840 |
|
| 700 | 1 |
_aDuan, Lian, _eeditor. _990623 |
|
| 906 |
_a7 _bcbc _corigres _d2 _eepcn _f20 _gy-gencatlg |
||
| 942 |
_2ddc _cBK |
||
| 999 |
_c588823 _d588823 |
||